Normal view
MARC view
- BALJE, O. E
Entry Personal Name
001 - CONTROL NUMBER
- control field: 75305
003 - CONTROL NUMBER IDENTIFIER
- control field: NUST
005 - DATE AND TIME OF LATEST TRANSACTION
- control field: 20210628205405.0
008 - FIXED-LENGTH DATA ELEMENTS
- fixed length control field: 210628|| aca||aabn | a|a d
040 ## - CATALOGING SOURCE
- Original cataloging agency: NUST
- Transcribing agency: NUST
100 ## - HEADING--PERSONAL NAME
- Personal name: BALJE, O. E
670 ## - SOURCE DATA FOUND
- Source citation: Work cat.: (NUST): BALJE, O. E, TURBOMACHINES A GUIDE TO DESIGN SELECTION AND THEORY, 1981
